Trabajo social en Chile. Un siglo de trayectoria

Shranjeno v:
Bibliografske podrobnosti
Glavni avtor: Vidal Molina, Paula (Author)
Format: Knjiga
Jezik:španščina
Izdano: Santiago, Chile. Ril Editores, 2016
Teme:
Online dostop:Disponible Online
Oznake: Označite
Brez oznak, prvi označite!

MARC

LEADER 00000cam a2200000 a 4500
001 UCD6275
003 CL-VaPUC
005 20240513145020.0
008 161124e20160000cl |||||||||||||||||spa|d
999 |c 366632  |d 366630 
020 |a 9789560103000 
040 |c Pontificia Universidad Católica de Valparaíso 
082 0 4 |a 362.983 VID 2016  |2 21 
100 1 |a Vidal Molina, Paula  |e author  |9 590039 
245 1 0 |a Trabajo social en Chile.  |b Un siglo de trayectoria 
260 |a Santiago, Chile.  |b Ril Editores,   |c 2016 
300 |a 395 páginas  
583 |a last modification  |c 20161124 22:47:00  |k Rodrigo Vera 
650 0 |a Trabajo social   |9 307856  |z Chile 
650 0 |a Políticas sociales  |9 358116  |z Chile 
650 0 |a Historia social  |9 313638  |z Chile 
856 |u https://bibliografiadigital.pucv.cl/index.php/bibliotecapucv/catalog/book/790  |y Disponible Online 
942 |c BK  |2 ddc 
945 |d 20161124 22:47:00  |a arojas 
952 |0 0  |1 0  |3 erb  |4 0  |6 362_983000000000000_VID_2016  |7 0  |8 R  |9 481059  |a BIBGIM  |b BIBGIM  |i 5352436  |l 1  |o 362.983 VID 2016  |p 5352436  |r 2025-01-15  |s 2021-07-01  |w 2019-11-24  |y BK_R  |z Catalogado en:20161124  |k SSL